Statistics for Lana Del Rey - Swan Song Lyrics

Click here to take the quiz!

General Stats

  • This quiz has been taken 16 times
  • The average score is 268 of 319

Answer Stats

Answer% Correct
a
100%
and
100%
And
100%
I
100%
our
100%
so
100%
The
100%
the
100%
You
100%
you
100%
again
91%
be
91%
Be
91%
could
91%
it
91%
It
91%
me
91%
never
91%
sing
91%
song
91%
swan
91%
we
91%
We
91%
who
91%
will
91%
another
82%
can
82%
day
82%
everything
82%
follow
82%
for
82%
free?
82%
get
82%
go
82%
got
82%
hard
82%
If
82%
if
82%
just
82%
Let's
82%
lost
82%
nothing
82%
Nothing
82%
of
82%
on
82%
one
82%
Put
82%
shoes
82%
stop
82%
tennis
82%
to)
82%
to?
82%
to
82%
two
82%
us
82%
when
82%
white
82%
Why
82%
won't
82%
work
82%
world
82%
your
82%
away
73%
change
73%
goes
73%
I'm
73%
in
73%
legacy
73%
life
73%
now
73%
ones
73%
that's
73%
That's
73%
want
73%
what
73%
where
73%
With
73%
But
64%
deep
64%
dive
64%
Dive
64%
gonna
64%
leave
64%
wave
64%
you're
64%
been
55%
Do
55%
from
55%
(Going
55%
going
55%
gone
55%
goodnight
55%
ice
55%
long
55%
missed
55%
my
55%
Say
55%
up
55%
water
55%
you've
55%
blue
45%
meets
45%
money
45%
Rushing
45%
like
36%
sweet
36%
knew
27%

Score Distribution

Percentile by Number Answered

Percent of People with Each Score

Your Score History

You have not taken this quiz